| 000 | 00359 a2200157 4500 | ||
|---|---|---|---|
| 001 | 194618 | ||
| 020 | _a978-85-249-1287-0 | ||
| 040 | _cMagnum | ||
| 100 | _aHiratsuka, Lucia | ||
| 240 | 1 | 0 |
_aHistórias tecidas em seda _lpor |
| 245 | 1 | 0 | _aHistórias tecidas em seda |
| 300 | _a48 | ||
| 362 | 0 | _a2008 | |
| 697 | _aLITERATURA INFANTO-JUVENIL | ||
| 942 | _cBK | ||
| 999 |
_c194618 _d194618 |
||